|
|
|
|
| LEADER |
00000cam a2200000 a 4500 |
| 001 |
vtls008321701 |
| 003 |
SK-MaSNL |
| 005 |
20260302061010.0 |
| 008 |
231120s1970 xo da e n 000 0 slo |
| 015 |
|
|
|a SNBA1970/05-01044
|
| 035 |
|
|
|a SK01SNK19700013918
|
| 035 |
|
|
|a urn:nbn:sk:snk-amlbqp
|
| 035 |
|
|
|a urn:nbn:sk:snk-am0092ac
|
| 035 |
|
|
|a 35ADD436-0ED3-49E8-B251-57AA37BD1DC2
|
| 035 |
|
|
|a SKM000016381
|
| 040 |
|
|
|a SNK
|b slo
|c SNK
|e AACR2
|
| 041 |
0 |
|
|a slo
|
| 044 |
|
|
|a xo
|c SK
|
| 080 |
|
|
|a 621.8(075.8)
|2 1981
|
| 100 |
1 |
|
|a Horváth, Karol
|4 aut
|9 279789
|
| 245 |
1 |
0 |
|a Členy systémov automatizovaného riadenia
|c Karol Horváth
|
| 250 |
|
|
|a [3.] nezm. vyd.
|
| 260 |
|
|
|a Bratislava
|b Slovenská vysoká škola technická
|c 1970
|
| 300 |
|
|
|a 367, [1] s.
|b grafy, sch.
|c 4°
|
| 366 |
|
|
|e 100 výt.
|
| 500 |
|
|
|a Učebnica určená posl. odb. štúdia Automatizačná technika v 4. roč. denného štúdia automatického riadenia
|
| 504 |
|
|
|a Bibliogr. odkazy
|
| 650 |
0 |
7 |
|a automatizačná technika
|2 SNKPH
|9 29551
|
| 650 |
0 |
7 |
|a automatická regulácia
|2 SNKPH
|9 194921
|
| 655 |
|
7 |
|a učebnice vysokých škôl
|2 SNKPH
|9 70191
|
| 852 |
|
|
|a Slovenská národná knižnica
|
| 954 |
|
|
|a odborná, vedecká literatúra pôvodná (slovenská)
|2 lita
|
| 958 |
|
|
|a OND
|
| 958 |
|
|
|a NB
|
| 958 |
|
|
|a EUIPO
|
| 999 |
|
|
|c 1123545
|d 1125475
|
| 952 |
|
|
|a SNK
|b SNK
|y PREZ
|7 0
|p 17A0841103
|o snkSB 15888
|i snkKSP 3565/70
|0 0
|1 0
|4 0
|d 2014-12-04
|f 1
|l 0
|r 2026-02-24 18:38:24
|w 2026-02-24
|
| 952 |
|
|
|a SNK
|b SNK
|y VYP
|7 0
|o snkSB 15888 D1
|i snkKSP 3566/70
|0 0
|1 0
|4 0
|d 2014-12-04
|l 0
|r 2026-02-24 18:38:24
|w 2026-02-24
|